Devises successives de la France. - Statistiques

Statistiques générales
  • Ce quiz a été pris 127 fois
  • Le résultat moyen est 3 sur 5
Statistiques - réponses
Date Devise % Correct
1792-1940 Liberté, Égalité, Fraternité
99%
1944-… Liberté, Égalité, Fraternité
99%
1940-1944 Travail, Famille, Patrie
84%
…-1789 Montjoie ! Saint-Denis !
14%
1789-1792 La Nation, la Loi, le Roi
7%
Aucun quiz correspondant
Distribution des résultats
% des personnes avec chaque résultat
Percentile par nombre de réponses
Votre historique - résultats
Vous n’avez pas pris ce quiz